000 02651nam a2200493 i 4500
001 193114
003 SpMaBN
005 20250806063146.0
007 ta
008 230821s2013 sp a | ||||o001 0 spa
017 _aM 8639-2013
_bOficina Depósito Legal Madrid
020 _a978-84-451-3458-0
035 _a(OCoLC)861592101
035 _aa5349985
040 _aSpMaBN
_bspa
_cSpMaBN
_erdc
080 _a73 Benlliure, Mariano (083.824)
245 0 0 _aMariano Benlliure :
_bel dominio de la materia /
_c[comisariado y documentación, Lucrecia Enseñat Benlliure, Leticia Azcue Brea ; artículos, Leticia Azcue Brea ... et al.]
260 _a[Madrid] :
_bDirección General de Patrimonio Histórico de la Comunidad de Madrid ;
_a[Valencia] :
_bConsorcio de Museos de la Comunitat Valenciana,
_c[2013]
300 _a359 páginas :
_bilustraciones (blanco y negro y color) ;
_c28 cm
_e
336 _aImagen (fija ; bidimensional ; visual)
_aTexto (visual)
_2isbdcontent
337 _asin mediación
_2isbdmedia
338 _2rdacarrier
_avolumen
500 _aÍndices
500 _aCronología
504 _aBibliografía: páginas 339-352
520 _aCatálogo de la exposición sobre Mariano Benlliure celebrada en la Real Academia de Bellas Artes de San Fernando. Realizado por especialistas en la obra del escultor, incluye una pormenorizada revisión científica sobre la misma, a través de artículos, ilustraciones y fichas razonadas. Pretende ser una publicación de referencia en la bibliografía del artista
530 _aDisponible en formato digital
585 _aExposición: Real Academia de Bellas Artes de San Fernando, Madrid, abril-junio 2013; Centro del Carmen, Valencia, julio-septiembre 2013
600 1 4 _aBenlliure, Mariano,
_d1862-1947
_vExposiciones
_2embne
_927715
655 7 _9193628
_aCatálogos de exposiciones
700 1 _aBenlliure, Mariano,
_d1862-1947
_eart
_927715
700 1 _aEnseñat Benlliure, Lucrecia
_eorm
_9233966
700 1 _aAzcue Brea, Leticia
_eorm
_924279
710 2 _aReal Academia de Bellas Artes de San Fernando
_ehis
_96291
710 2 _aCentro del Carmen (Valencia)
_ehis
_9241588
710 1 _aMadrid (Comunidad Autónoma)
_eedt
_95587
710 2 _aConsorci de Museus de la Comunitat Valenciana
_eedt
_9241589
852 4 _aES-MaACL
_bR.152783
_cDEPOJ
_hDonación Comunidad de Madrid
_jN-8608
_9200426
856 4 _uhttps://gestiona3.madrid.org/bvirtual/BVCM019041.pdf
_yVersión en línea
_z(PublicaMadrid)
942 _cMONOGRAFIA
_n0
999 _c193114
_d193114